01121cam a22003015a 45000010009000000050017000090080041000260200031000670400033000980820019001311000024001502450083001742500012002572600048002693000044003175000027003615000024003885040032004126500040004446500040004846510010005246530036005347000029005707000029005999420019006289990017006479520155006641775527720201128021340.0130529s2013 enka frbd 001 0 eng d a9780273776208 (alk. paper) aDLCbengcDLCdDLCdEG-ScBUE04a658.5bSLA2221 aSlack, Nigel.9289610aOperations management /cNigel Slack, Alistair Brandon-Jones, Robert Johnston. a7th ed. aHarlow :bPearson Education Limited,c2013. axxviii, 733 p. :bill. (col.) ;c27 cm. aGlossary : p. 700-712. aIndex : p. 713-733. aBibliography : p. 693-699.  7aProduction management.2BUEsh91855 7aIndustrial management.2BUEsh91569 2BUEsh bBUSADMcJune2015cSeptember20151 aBrandon-Jones, Alistair.1 aJohnston, Robert,d1953- 2ddck658.5 SLA c19920d19892 00102ddc40708AlahramaMAINbMAINc1STd2015-06-24ePurchaseg295.00h339l2m19o658.5 SLAp000039095r2025-07-15 00:00:00s2017-10-25v368.75yBB